LEADER 01088nam a22002651i 4500 001 991001618339707536 005 20031128101938.0 008 040407s1976 uika||||||||||||||||eng 035 $ab12797728-39ule_inst 035 $aARCHE-077735$9ExL 040 $aDip.to Scienze Storiche$bita$cA.t.i. Arché s.c.r.l. Pandora Sicilia s.r.l. 082 04$a309.1 100 1 $aHowe, Irving$0127610 245 14$aThe immigrant Jews of New York :$b1881 to the present /$cIrving Howe ; with the assistance of Kenneth Libo 260 $aLondon ;$aBoston :$bRoutledge & Kegan Paul,$c1976 300 $aXX, 714 p. [24] c. di tav. :$bill. ;$c25 cm 440 4$aThe Littman library of Jewish civilization 650 4$aImmigrazione$zNew York$ySec. 19.-20. 700 1 $aLibo, Kenneth 907 $a.b12797728$b02-04-14$c16-04-04 912 $a991001618339707536 945 $aLE009 STOR.895-61$g1$i2009000369719$lle009$o-$pE0.00$q-$rl$s- $t0$u2$v4$w2$x0$y.i13343658$z16-04-04 996 $aImmigrant Jews of New York$9293952 997 $aUNISALENTO 998 $ale009$b16-04-04$cm$da $e-$feng$guik$h4$i1